000 00308nam a2200121Ia 4500
008 190722s9999 xx 000 0 und d
020 _a978-983-47074-7-7
100 _aMukesh Kumar
245 0 _aBusiness Research Methods
260 _aNew York
_bOxford University Press
_c2013
300 _a422
942 _cBK
999 _c980
_d980